| 000 | 00478cam a22001937a 4500 | ||
|---|---|---|---|
| 001 | 002362 | ||
| 003 | armpunfd | ||
| 005 | 20140612090706.0 | ||
| 008 | 100823e0####xx#a##########000#0#und#d | ||
| 040 |
_aarmpunfd _carmpunfd |
||
| 080 | _a342 K 894 | ||
| 100 | 1 | 0 | _a Kriele, Martin |
| 245 | 1 | 0 | _aIntroduccion a la teoria del estado |
| 260 | _a" | ||
| 650 | 7 |
_a Teoria Del Estado _2LEMB |
|
| 942 |
_cLB _2cdu |
||
| 945 |
_aCatalis _d2010-08-19 |
||
| 945 |
_aCatalis _d2010-08-19 |
||
| 999 |
_c2352 _d232856 |
||